000
00203nam a2200097Ia 4500
008
190216s9999||||xx |||||||||||||| ||und||
100
_a
Null
245
0
_a
"Al-Manta Kabeel 1,2"
260
_b
Null
942
_c
BK
999
_c
218
_d
218